00321nam a2200121Ia 4500008004100000041000800041082001400049100001300063245003800076250000800114260005500122650002200177230711s9999||||xx |||||||||||||| ||und|| aENG a621bWA-I aWang C.K 0aIntermediates structural analysis a1st c1989aNew YorkbTata McGraw Hill Education Limited aCivil Engineering